| 000 | 00364nam a22001337a 4500 | ||
|---|---|---|---|
| 082 |
_a954 _bBIR _cL-28, P-26 |
||
| 100 |
_aBirdwood, Lord _946323 |
||
| 245 | _aIn my time recollections and anecdotes/ | ||
| 260 |
_aLondon: _bSkeffington & Son, Ltd. |
||
| 300 |
_a112p,; _c18cm |
||
| 526 |
_a0 _b0 _c0 _d954_000000000000000_BIR |
||
| 650 |
_aMCE _9379 |
||
| 942 |
_2ddc _cBK |
||
| 999 |
_c549681 _d549681 |
||